000 00458nam a2200193Ia 4500
008 170203s9999 xx 000 0 und d
020 _a9789715102438
050 _a291.432
050 _b .O64t 2011
100 _aOrbos, Jerry M.
245 _aTreasured Moments /
245 _cJerry M. Orbos
260 _aQuezon City :
260 _bLogos Publications, Inc.
260 _c2011
300 _a91 pages ;
300 _c21 cm.
650 _xReligion
999 _c305412
_d305412